000 003720000a22001450004500
020 _a0-590-50833-4
082 0 4 _aGI CE C674m
100 1 _aCole, Joanna
245 1 0 _aThe magic school bus : Wet all over : A book about water cycle / Joanna Cole,
260 _aNew York : Scholastic
300 _a[ 32 p. ]
650 1 4 _aLiteratura Infantil
001 534
942 _cLGB
999 _c47745
_d47745